Marketing Management / (Record no. 1141)

MARC details
000 -LEADER
Fixed length control field 00448nam a2200169 4500
003 - CONTROL NUMBER IDENTIFIER
Control field SEACOMMC
005 - DATE AND TIME OF LATEST TRANSACTION
Control field 20250508114738.0
008 - FIXED-LENGTH DATA ELEMENTS--GENERAL INFORMATION
Fixed length control field 250324b |||||||| |||| 00| 0 eng d
020 ## - INTERNATIONAL STANDARD BOOK NUMBER / ISBN
International Standard Book Number 978-81-272-5241-0
Price Rs.140.00
040 ## - CATALOGING SOURCE
Original cataloging agency SEACOMMC
082 ## - DEWEY DECIMAL CLASSIFICATION NUMBER
Classification number 658.8
Book Number S 699
100 ## - MAIN ENTRY--PERSONAL NAME
Personal name Sontakki, C. N.
245 1# - TITLE STATEMENT
Title Marketing Management /
Statement of responsibility C. N. Sontakki
260 ## - IMPRINT
Place of publication Kolkata
Name of publisher Kalyani Publishers
Date of publication c2009
650 ## - SUBJECT ADDED ENTRY--TOPICAL TERM
Topical term Management
942 ## - ADDED ENTRY ELEMENTS (KOHA)
Koha item type Books
Holdings
Withdrawn status Lost status Source of classification Damaged status Not for loan Home library Current library Shelving location Date acquired Total Checkouts Call number Accession number Date last seen Price effective from Koha item type Copy number
    Dewey Decimal Classification     SEACOM MANAGEMENT COLLEGE SEACOM MANAGEMENT COLLEGE Reference 10/02/2010   658.8 S 699 M-2609 24/03/2025 24/03/2025 Reference Books  
    Dewey Decimal Classification     SEACOM MANAGEMENT COLLEGE SEACOM MANAGEMENT COLLEGE   10/02/2010   658.8 S 699 M-2610 24/03/2025 24/03/2025 Books 1
    Dewey Decimal Classification     SEACOM MANAGEMENT COLLEGE SEACOM MANAGEMENT COLLEGE   10/02/2010   658.8 S 699 M-2611 24/03/2025 24/03/2025 Books 2
    Dewey Decimal Classification     SEACOM MANAGEMENT COLLEGE SEACOM MANAGEMENT COLLEGE   10/02/2010   658.8 S 699 M-2612 24/03/2025 24/03/2025 Books 3
    Dewey Decimal Classification     SEACOM MANAGEMENT COLLEGE SEACOM MANAGEMENT COLLEGE   10/02/2010   658.8 S 699 M-2613 24/03/2025 24/03/2025 Books 4
    Dewey Decimal Classification     SEACOM MANAGEMENT COLLEGE SEACOM MANAGEMENT COLLEGE   10/02/2010   658.8 S 699 M-2614 24/03/2025 24/03/2025 Books 5
© Seacom Engineering College, All rights reserved.    Powered by Koha